| 000 | 00382nam a22001217a 4500 | ||
|---|---|---|---|
| 999 |
_c4556 _d4556 |
||
| 008 | 250227b ||||| |||| 00| 0 eng d | ||
| 020 | _a9781407188980 | ||
| 082 | _a818 DEA | ||
| 100 |
_aDEARY,TERRY _eAUTHOR |
||
| 245 |
_aHORRIBLE HISTORIES _bHORRIBLY HILARIOUS JOKE BOOK |
||
| 260 |
_aEUSTON HOUSE,24 EVERSHOLT STREET,LONDON NW1 1DB,UK _bSCHOLASTIC CHILDREN'S BOOK _c2018 |
||
| 942 | _2ddc | ||